LIBRARY & INFORMATION CENTRE, KCAET, TAVANUR

ONLINE PUBLIC ACCESS CATALOGUE (OPAC)

Normal view MARC view
  • Venkata Reddy, H.K

Entry Personal Name

Number of records used in: 1

001 - CONTROL NUMBER

  • control field: 3302

003 - CONTROL NUMBER IDENTIFIER

  • control field: OSt

005 - DATE AND TIME OF LATEST TRANSACTION

  • control field: 20180904125503.0

008 - FIXED-LENGTH DATA ELEMENTS

  • fixed length control field: 180904|| aca||aabn | a|a d

040 ## - CATALOGING SOURCE

  • Original cataloging agency: OSt
  • Transcribing agency: OSt

100 ## - HEADING--PERSONAL NAME

  • Personal name: Venkata Reddy, H.K

670 ## - SOURCE DATA FOUND

  • Source citation: Work cat.: (OSt): Venkata Reddy, H.K, Design analysis of KAU pokkali paddy harvester towards the development of its scale down prototype, 2018
free website counter